Normal view
MARC view
- تأليف عدس،عبدالرحمن
Entry Personal Name
001 - CONTROL NUMBER
- control field: 52629
003 - CONTROL NUMBER IDENTIFIER
- control field: JO-AjAnu
005 - DATE AND TIME OF LATEST TRANSACTION
- control field: 20230606082641.0
008 - FIXED-LENGTH DATA ELEMENTS
- fixed length control field: 230606|| aca||aabn | a|a d
040 ## - CATALOGING SOURCE
- Original cataloging agency: JO-AjAnu
- Transcribing agency: JO-AjAnu
100 ## - HEADING--PERSONAL NAME
- Personal name: تأليف عدس،عبدالرحمن
670 ## - SOURCE DATA FOUND
- Source citation: Work cat.: (JO-AjAnu)26893: تأليف عدس،عبدالرحمن, author, مبادىء الاحصاء لبرنامج الاعمال الادارية والمالية في كليات المجتمع